Earth and its resources

Mountains give you a pretty good view of Earth, your home. Why are mountains as taal as they are? will they always be as taal? What are they made of? Moutains are only one kind of feature,...

Guardat en:
Dades bibliogràfiques
Format: Llibre
Idioma:Undetermined
Publicat: New York Macmillan/Mcgraw-Hill School 2000
Matèries:
Etiquetes: Afegir etiqueta
Sense etiquetes, Sigues el primer a etiquetar aquest registre!
Thư viện lưu trữ: Trung tâm Học liệu Trường Đại học Cần Thơ
LEADER 00739nam a2200193Ia 4500
001 CTU_141123
008 210402s9999 xx 000 0 und d
082 |a 372.357 
082 |b E12/Vol.5 
245 0 |a Earth and its resources 
245 0 |c Richard Moyer,...[et al. ] 
260 |a New York 
260 |b Macmillan/Mcgraw-Hill School 
260 |c 2000 
520 |a Mountains give you a pretty good view of Earth, your home. Why are mountains as taal as they are? will they always be as taal? What are they made of? Moutains are only one kind of feature,... 
650 |a Science,Khoa học 
650 |x Study and teaching (Elementary),Dạy và học 
904 |i Năm 
980 |a Trung tâm Học liệu Trường Đại học Cần Thơ